| 000 | 01057nam a22003257a 4500 | ||
|---|---|---|---|
| 003 | CHAP | ||
| 005 | 20220817042646.0 | ||
| 008 | 971013s1995 r 00010 d | ||
| 010 | _a51349 | ||
| 011 | _a52321 | ||
| 035 | _a56471 | ||
| 040 | _cCHAP | ||
| 082 |
_a641 _bF3Y v.14/11 |
||
| 110 | _aFAO | ||
| 245 |
_aManual de control de la calidad de los alimentos _b: gestión de los programas de control de alimentos |
||
| 260 |
_aRoma : _bFAO, _c1995 |
||
| 300 | _a134 p. | ||
| 490 |
_aFAO. Alimentación y nutrición _v; 14/11 |
||
| 590 |
_aBATCH-UPD _b10 _c20130110 _lUCH01 _h0231 |
||
| 590 |
_aBATCH-UPD _b10 _c20130110 _lUCH01 _h1451 |
||
| 590 |
_aBATCH-UPD _b10 _c20130409 _lUCH01 _h2255 |
||
| 590 |
_aBATCH-UPD _b10 _c20130914 _lUCH01 _h0138 |
||
| 590 |
_aCONVERSION _b10 _c20130109 _lUCH01 _h1328 |
||
| 650 | 1 | 4 |
_aAlimentos _xCalidad. |
| 650 | 1 | 4 |
_aCalidad _xControl de la. _917484 |
| 830 | 0 |
_aFAO. Alimentación y nutrición _v; 14/11 _939449 |
|
| 901 | _aBK | ||
| 942 | _cLIBRO | ||
| 949 |
_a641 F3Y v.14/11 _bBC _cFAO _d-123335 _eFAO1 _h89716 _i56471 _mD _si |
||
| 999 |
_c51349 _d51349 |
||